A study of the practice of land granting during the land registration process with A systemic character in k ampong kong commune koh thom district kandal province, សិក្សាពីការធ្វើប្រទានកម្មក្នុងរង្វង់ញាតិអំឡុងពេលចុះបញ្ជីដីធ្លីមានលក្ខណៈជាប្រព័ន្ធ នៅឃុំកំពង់កុង ស្រុកកោះធំ ខេត្តកណ្ដាល (Record no. 25770)

000 -LEADER
fixed length control field 00786nam a22001217a 4500
040 ## - CATALOGING SOURCE
Transcribing agency RUA
082 ## - DEWEY DECIMAL CLASSIFICATION NUMBER
Classification number LMA PIN 2025 B701 Or.1
100 ## - MAIN ENTRY--AUTHOR NAME
Personal name PIN DYNA, ភិន ឌីណា
245 ## - TITLE STATEMENT
Title A study of the practice of land granting during the land registration process with A systemic character in k ampong kong commune koh thom district kandal province, សិក្សាពីការធ្វើប្រទានកម្មក្នុងរង្វង់ញាតិអំឡុងពេលចុះបញ្ជីដីធ្លីមានលក្ខណៈជាប្រព័ន្ធ នៅឃុំកំពង់កុង ស្រុកកោះធំ ខេត្តកណ្ដាល
260 ## - PUBLICATION, DISTRIBUTION, ETC. (IMPRINT)
Place of publication PHNOM PENH
Name of publisher RUA
Year of publication 2025
300 ## - PHYSICAL DESCRIPTION
Number of Pages x,39p.
Other physical details ill.
Dimensions 29cm.
942 ## - ADDED ENTRY ELEMENTS (KOHA)
Koha item type LMA
952 ## - LOCATION AND ITEM INFORMATION (KOHA)
Withdrawn status [LOCAL, KOHA] 0
952 ## - LOCATION AND ITEM INFORMATION (KOHA)
Withdrawn status [LOCAL, KOHA] 0
Holdings
Permanent Location Date acquired Koha item type Lost status Shelving location Barcode Current Location Full call number
Library Block B2026-05-18LMA B701B712398Library Block BLMA PIN 2025 B701 Or.1
Library Block B2026-05-18LMA B701B712395Library Block BLMA PIN 2025 B701 Or.2
មជ្ឈមណ្ឌលឯការនៃសាកលវិទ្យាល័យភូមិន្ទកសិកម្មចំការដូង

Powered by Koha